Книжкові джерела української біографістики у фондах Національної бібліотеки України імені В.І.Вернадського (Запис № 360633)

МАРК-запис
000 -Лідер
fixed length control field 00771nam a22002297a 4500
001 - Контрольний номер
control field 74344
003 - Ідентифікатор контрольного номера
control field UA-OsUOA
005 - Дата та час останнього входження (трансакції)
control field 20220810145215.0
007 - Фіксоване поле фізичного опису
fixed length control field ta
008 - Елементи даних фіксованої довжини – загальна інформація
fixed length control field 20110405b un ||||| |||| 00| 0 ukr d
020 ## - Міжнародний стандартний книжковий номер (ISBN)
Міжнародний стандартний книжковий номер (ISBN) (НП) 9660232411
040 ## - Джерело каталогізації
Агенція оригінальної каталогізації UA-OsUOA
Мова каталогізації ukr
Агенція, яка здійснювала перезапис UA-OsUOA
Агенція, яка здійснювала модифікацію UA-OsUOA
041 ## - Код мови
Код мови тексту/ звукової доріжки чи окремого заголовка (П) ukr
080 ## - Індекс Універсальної десяткової класифікації
Індекс Універсальної десяткової класифікації (УДК) (НП) [016:929] (477)
090 ## - Локальний шифр розміщення
Класифікаційний індекс УДК [016:929] (477)
Авторський знак (НП) К53
245 ## - Відомості про назву
Назва (НП) Книжкові джерела української біографістики у фондах Національної бібліотеки України імені В.І.Вернадського
260 ## - Публікація, розповсюдження і т.п. (Вихідні дані)
Місце публікації, розповсюдження і т.п. (П) К.
Ім’я/ наймення видавництва, розповсюджувача і т.п. (П) НБУВ
Дата публікації, розповсюдження і т.п. (П) 2006
300 ## - Фізичний опис
Обсяг 204 с.
650 #7 - Додаткове предметне введення – тематичний термін
Тематичний термін чи географічна назва, як елемент введення (НП) 01 Бібліографія і бібліографії. Каталоги
Джерело заголовка чи терміна UDC
942 ## - Додаткові елементи входу (Коха)
Тип елемента Koha Книги
Source of classification or shelving scheme Universal Decimal Classification
955 ## - Код типу видання за змістом
Код типу видання за змістом (НП) Навчальні видання
Фонди
Стан вилучень Стан втрат Джерело класифікації або схеми стелажів Стан уражень Не для кредиту Постійне місце розташування Поточне розміщення Дата придбання Джерело придбання Вартість, звичайна ціна покупки Інвентарний номер Усього замовленно Повний номер виклику Штрих-код Дата останнього перегляду Ціна ефективна від Тип елемента Koha
    Universal Decimal Classification     АБ - Абонемент НБ АБ - Абонемент НБ 24/12/2012 82/2012 15.00 141048   [016:929] (477) К53 141048 25/10/2021 05/04/2011 Книги
    Universal Decimal Classification     ЧЗ - Читальна зала ЧЗ - Читальна зала 05/04/2011 44/2011 15.00 131732   [016:929] (477) К53 131732 09/02/2022 05/04/2011 Книги